LEADER 01019nam a2200241 i 4500 001 000000171866 003 CaOOAMICUS 005 20080515000000.0 008 080515s2002 it u000 u ita u 013 $a149301 040 $aSeMil$bita 100 1 $aHack, Margherita <1922-2013>.$0(OLS)http://semarc/name/30303 245 10$aVi racconto l'astronomia /$cMargherita Hack ; in collaborazione con Loris Dilena e Aline Cendon. 260 $aRoma ; Bari :$bLaterza & Figli,$ccopyr. 2002. 300 $a160 p., [12] p. di tav. [foto] ;$c23 cm. 650 4$aAstronomia.$0(OLS)http://semarc/subject/3898 700 1 $aCendon, Aline.$0(OLS)http://semarc/name/64297 700 1 $aDilena, Loris.$0(OLS)http://semarc/name/64296 850 $aSeMil 852 $aSeMil$W1$xVenegono$y1$m3XF III 12$j122730$B122730$CSeMilBibl$Z2$F135436 $81 961 $aOmaggio: Altro 996 $6245$aVi racconto l'astronomia$9(OLS)http://semarc/title/245981 996 $6260$aRoma ; Bari :$bLaterza & Figli$9(OLS)http://semarc/publisher/29696 LEADER 00999nam a2200205 i 4500 001 000000048027 003 CaOOAMICUS 005 20121113000000.0 008 121113s1888 it u000 u ita u 013 $a19197 040 $aSeMil$bita 100 1 $aVidemari, Antonio.$0(OLS)http://semarc/name/14496 245 13$aLa poesia e le scienze positive ornamento della Somma teologica di s. Tommaso d'Aquino :$bPrincipio del comentariolo /$cdi prete Antonio Videmari. 260 $aTorino :$bSpeirani e figli,$c1888. 300 $a111 p. ;$c18 cm. 650 4$aTommaso : d'Aquino . Summa theologiae.$0(OLS)http://semarc/subject/340 850 $aSeMil 852 $aSeMil$W1$xVenegono$y1$m2D II 48 FA$j14182$B14182$CSeMilBibl$Z2$F14182 $8I 996 $6245$aLa poesia e le scienze positive ornamento della Somma teologica di s. Tommaso d'Aquino :$bPrincipio del comentariolo$9(OLS)http://semarc/title/72555 996 $6260$aTorino :$bSpeirani e figli$9(OLS)http://semarc/publisher/40990